000 01339nam a2200325 c 4500
003 BLK
005 20180420222840.0
008 180408b bul|||||r ||||||| ||bul||
010 _aKNG00063399000
040 _aBLK
041 _aBUL
_cBUL
080 _aПриложна математика
_b519
_x
_z519
080 _aУвод в анализа
_b517.1
_x
_z517.1
100 1 _aРашова, Хелена
_eпърви автор
_9115683
700 1 _aДянков, Богдан Димитров
_eпрев. от пол.
_9288892
139 _aРашова, Хелена
_bР 43
245 1 0 _aЕлементи на теорията на множествата и математическата логика
_bНаучнопопул. очерк
_cХелена Рашова; прев. от пол. Богдан Димитров Дянков.
257 _aPOL
260 София
_bНаука и изкуство
_c1972
_fЯмбол : Г. Димитров
300 _a344 с.
_bс черт.
_c21 см
380 _a5
500 _aОриг. загл. Wster do matematyki wspolczesnej
650 4 _aМножества (мат.)
_9162550
650 4 _aМатематически анализ
_9251206
852 _aЦб 65641
856 4 _qpdf
_u
856 4 _qpdf
_u
942 _cKNG
_n0
944 _aCR
_c13.06.2004
_kГеновева_Генчева
944 _aED
_c11.09.2015
_k
999 _c59310
_d59310